000 00745nam a2200289Ia 4500
005 20260324115805.0
008 008 260324s9999 xx 000 0 eng d
020 _a9781315115948
037 _aEBOOK
040 _aCRL
040 _beng
040 _cCRL
041 _2eng
041 _aeng
084 _qCRL
100 _aAli Dinar Abdullah
_91156022
245 0 _aModelling Approaches to Understand Salinity Variations in a Highly Dynamic Tidal River
245 4 _bThe Case of the Shatt al-Arab River
260 _bTaylor and Francis
260 _c2016
365 _a
365 _b400
856 _uhttp://www.taylorfrancis.com/books/9781315115948
942 _cEBOOK
999 _c1747148
_d1747148